[Event "Hannover Region-ch"]
[Site "Hannover"]
[Date "2008.01.12"]
[Round "1"]
[White "Butz, Hartmut"]
[Black "Zucker, Stefan"]
[Result "1-0"]
[WhiteElo "1332"]
[BlackElo "1837"]
[PlyCount "77"]
[EventDate "2008.01.12"]
[EventType "swiss"]
[EventRounds "7"]
[EventCountry "GER"]
[SourceTitle "EXT 2021"]
[Source "ChessBase"]
[SourceDate "2020.10.23"]
[SourceVersion "1"]
[SourceVersionDate "2020.10.23"]
[SourceQuality "1"]

1. d4 Nf6 2. c4 c5 3. e3 g6 4. Nf3 Bg7 5. Nc3 0-0 6. Qc2 cxd4 7. exd4 d5 8. cxd5 Nxd5 9. Nxd5 Qxd5 10. Be3 Nc6 11. Qc5 Qxc5 12. dxc5 Bxb2 13. Rb1 Bc3+ 14. Bd2 Bxd2+ 15. Nxd2 a5 16. a3 a4 17. Rb2 Ra5 18. Rb5 Ra7 19. Bd3 Be6 20. Be4 Rd8 21. Rb6 Ne5 22. Rxb7 Rxb7 23. Bxb7 Nd3+ 24. Ke2 Nxc5 25. Bc6 Rd3 26. Rc1 Rxd2+ 27. Kxd2 Nb3+ 28. Kc2 Nxc1 29. Kxc1 Bb3 30. Kb2 e5 31. Kc3 f5 32. Kb4 f4 33. f3 g5 34. Bxa4 Bxa4 35. Kxa4 g4 36. Kb3 gxf3 37. gxf3 Kf8 38. Kc3 e4 39. fxe4 1-0